<?xml version="1.0" encoding="UTF-8"?>
<collection xmlns="http://www.loc.gov/MARC21/slim">
<record>
  <controlfield tag="001">58553</controlfield>
  <controlfield tag="005">20250110173520.0</controlfield>
  <datafield tag="037" ind1=" " ind2=" ">
    <subfield code="a">NORMAS-2017-001</subfield>
  </datafield>
  <datafield tag="100" ind1=" " ind2=" ">
    <subfield code="a">Consejo de Gobierno</subfield>
  </datafield>
  <datafield tag="245" ind1=" " ind2=" ">
    <subfield code="a">Reglamento del Servicio Jurídico de la Universidad de Zaragoza.</subfield>
  </datafield>
  <datafield tag="260" ind1=" " ind2=" ">
    <subfield code="c">17-01-2017-17-01-2017-17-01-2017-17-01-2017-17-01-2017-17-01-2017-17-01-2017-17-01-2017-17-01-2017</subfield>
  </datafield>
  <datafield tag="520" ind1=" " ind2=" ">
    <subfield code="a">Acuerdo 16 enero 2017, Consejo de Gobierno, Texto integrado</subfield>
  </datafield>
  <datafield tag="650" ind1=" " ind2=" ">
    <subfield code="a">reglamento;servicio jurídico</subfield>
  </datafield>
  <datafield tag="653" ind1="1" ind2=" ">
    <subfield code="a">Servicio jurídico</subfield>
  </datafield>
  <datafield tag="856" ind1="0" ind2=" ">
    <subfield code="f">msoto@unizar.es</subfield>
  </datafield>
  <datafield tag="856" ind1="4" ind2=" ">
    <subfield code="s">988170</subfield>
    <subfield code="u">http://zaguan.unizar.es/record/58553/files/Integrado_Reglamento%20Servicio%20Jur%C3%ADdico.pdf</subfield>
    <subfield code="y">Acuerdo 16 enero 2017, Consejo de Gobierno. Texto integrado (última modificación 2024)</subfield>
  </datafield>
  <datafield tag="920" ind1=" " ind2=" ">
    <subfield code="a">BOUZ 02-2017 de 23/01/2017</subfield>
  </datafield>
  <datafield tag="980" ind1=" " ind2=" ">
    <subfield code="a">NORMAS</subfield>
  </datafield>
</record>
</collection>